Представление документа в формате RUSMARC

ПолеНазваниеЗначение
  Тип записи a
  Библиографический уровень a
001 Контрольный номер RU/УОНБ/EK_Kray/503080284
005 Дата корректировки 20240131004844.8
100 Данные общей обработки __
a Данные общей обработки 20151210d2015 ||| 0rusy0189 ca
101 Язык документа 0_
a Язык текста rus
102 Страна публикации __
a Страна публикации RU
105 Кодированные данные (монография) __
a Кодированные данные (монография) y###||||000|y
200 Заглавие и сведения об ответственности 1_
a Заглавие Сохраняя аксаковские традиции добромыслия
f Первые сведения об ответственности Татьяна Кичина
215 Физическое описание __
c Иллюстрации/тип воспроизводства 4 фот.
225 Серия __
a Серия Год литературы
330 Аннотация __
a Аннотация С. Аксаков в проекте "12 симбирских литературных апостолов". Популяризация творчества С. Аксакова в детской библиотеке.
461 Уровень набора _0
1 001RU/УОНБ/EK/487086466
1 2001
a Симбирскъ
e лит. журн.
v № 9
1 2101
a Ульяновск
c МедиаЦентр
d 2015
463 Уровень физической единицы _0
1 001RU/УОНБ/EK/500490655
1 2000
a № 9
v С. 22-24
600 Персоналии _1
a Персоналии (Фамилия) Аксаков, Сергей Тимофеевич
601 Наименование организации как предмет 02
a Наименование организации как предмет Ульяновская областная библиотека для детей и юношества им. С.Т. Аксакова
610 Ключевые слова 0_
a Ключевые слова творчество С.Т. Аксакова
610 Ключевые слова 0_
a Ключевые слова именные библиотеки
610 Ключевые слова 0_
a Ключевые слова сайт "Наш Аксаков"
610 Ключевые слова 0_
a Ключевые слова семейные ценности
686 Индексы других классификаций __
a Классификационный индекс 83.3-8А
2 Код системы rubbk
700 Автор _1
a Фамилия Кичина
b Имя (инициалы) Т.
g Полное личное имя Татьяна
801 Источник записи _0
a Страна RU
b Организация Ульяновская ОНБ
c Дата составления 20151210
g Правила каталогизации RCR
801 Источник записи _1
a Страна RU
b Организация Ульяновская ОНБ
c Дата составления 20151210
g Правила каталогизации RCR
900 Электронные ресурсы __
a Имя электронного ресурса Simbirsk_092015
901 Тип документа __
t Тип документа c
w Контрольный № источника RU/УОНБ/EK/500490655
909 Создатель записи __
a Создатель записи Шевякова
938 Служебная информация __
a Имя БД kraeved_work
b Имя библиотеки УОНБ
c Имя АИБС МАРК-SQL
d Номер DOC_ID в БД 118213